Twenty One Pilots - Pet Cheetah (Lyrics) - Statistics

General Stats
  • This quiz has been taken 31 times
    30 since last reset
  • The average score is 253 of 323
Answer Stats
Answer % Correct
a
100%
cheetah
100%
cheetah,
100%
I
100%
pet
100%
Pet
100%
an
94%
and
94%
And
94%
basement
94%
be
94%
down
94%
got
94%
him,
94%
him
94%
in
94%
I've
94%
my
94%
My
94%
raised
94%
am
89%
I'll
89%
is
89%
Jason
89%
named
89%
no
89%
No,
89%
on
89%
one
89%
the
89%
to
89%
beat
83%
island
83%
make
83%
me
83%
me,
83%
this
83%
This
83%
time
83%
can
78%
cheetah's
78%
feet
78%
find
78%
he
78%
his
78%
It
78%
it
78%
move
78%
problem
78%
problem,
78%
slow
78%
So,
78%
so
78%
So
78%
take
78%
want
78%
bathed
72%
beats
72%
mind
72%
Now
72%
quicker
72%
sit
72%
stop
72%
'til
72%
trained
72%
where
72%
exercise
67%
feel
67%
get
67%
Get
67%
roof
67%
should
67%
studio
67%
than
67%
these
67%
are
61%
confide
61%
here
61%
I'm
61%
straight,
61%
bet
56%
death
56%
going
56%
house
56%
lose
56%
possess
56%
pressure
56%
room
56%
start
56%
Statham,
56%
stay
56%
vultures
56%
as
50%
delete
50%
help
50%
line
50%
not
50%
of
50%
tip-
50%
toeing,
50%
Will
50%
behind
44%
could
44%
each
44%
Eight
44%
eight
44%
hours
44%
nepotistic
44%
perched
44%
scared
44%
afraid
39%
days
39%
done
39%
growing
39%
means
39%
mindset
39%
mine
39%
much
39%
music
39%
us
39%
we're
39%
clique
33%
dude
33%
just
33%
with
33%
enough
28%
faces
28%
I'ma
28%
places
28%
showing
28%
ours
22%
No matching quizzes found
Score Distribution
Percent of People with Each Score
Percentile by Number Answered
Your Score History
You have not taken this quiz since the last reset